2020-21 UEFA Champions League Results - Statistics

General Stats
  • This quiz has been taken 2,343 times
  • The average score is 22 of 32
Answers on the Map
Answers color-coded by a green-red scale on the quiz's map according to % correct below.
 
Answer Stats
Club % Correct
🏴󠁧󠁢󠁥󠁮󠁧󠁿 Manchester City
98%
🏴󠁧󠁢󠁥󠁮󠁧󠁿 Chelsea
97%
🇪🇸 Real Madrid
97%
🇩🇪 Bayern Munich
96%
🇫🇷 Paris Saint-Germain
95%
🇪🇸 Barcelona
94%
🇮🇹 Inter Milan
92%
🇩🇪 Borussia Dortmund
91%
🇮🇹 Juventus
91%
🏴󠁧󠁢󠁥󠁮󠁧󠁿 Liverpool
91%
🇪🇸 Atlético Madrid
89%
🏴󠁧󠁢󠁥󠁮󠁧󠁿 Manchester United
89%
🇵🇹 Porto
85%
🇳🇱 Ajax
84%
🇩🇪 RB Leipzig
75%
🇪🇸 Sevilla
74%
🇮🇹 Atalanta
69%
🇫🇷 Marseille
68%
🇺🇦 Shakhtar Donetsk
64%
🇧🇪 Club Brugge
61%
🇮🇹 Lazio
61%
🇷🇺 Zenit Saint Petersburg
57%
🇺🇦 Dynamo Kyiv
55%
🇦🇹 Red Bull Salzburg
54%
🇬🇷 Olympiacos
51%
🇩🇪 Borussia Mönchengladbach
49%
🇭🇺 Ferencváros
37%
🇷🇺 Lokomotiv Moscow
37%
🇫🇷 Rennes
37%
🇹🇷 İstanbul Başakşehir
33%
🇷🇺 Krasnodar
27%
🇩🇰 Midtjylland
22%
No matching quizzes found
Score Distribution
Percent of People with Each Score
Percentile by Number Answered
Your Score History
You have not taken this quiz